Score 0/16 Timer 03:00
0 Plays Today
Movie Missing Word % Correct
____ TrekStar
99.7%
The _____ Wears PradaDevil
97.2%
__ Mice and Men Of
94.6%
The _______'s New GrooveEmperor
89.8%
The Twilight Saga: New ____Moon
77.1%
Empire of the ___Sun
76.3%
Reversal of _______ Fortune ✪
71.7%
Nobody's ____Fool
65.2%
Movie Missing Word % Correct
... And ________ For AllJustice
62.4%
_____ HeistTower
48.4%
_________ at NurembergJudgment
43.3%
Thor: The Dark _____World
42%
_____ ProofDeath
39.6%
The Third ______ ✪ Wheel
19.5%
The Music ______Lovers
13.5%
_______ and HonorStrength
10.2%

Today's Daily Dose

Missing Word
Lizzo Songs

Get the Picture
The Longest Rivers

Remove Ads.
Support Sporcle.
Get the best of Sporcle when you Go Orange. This ad-free experience offers more features, more stats, and more fun while also helping to support Sporcle. Thank you for becoming a member.

You're not logged in!

Compare scores with friends on all Sporcle quizzes.
OR
Log In

Show Comments

Extras

Top Quizzes Today


Score Distribution

Your Account Isn't Verified!

In order to create a playlist on Sporcle, you need to verify the email address you used during registration. Go to your Sporcle Settings to finish the process.

Report this User

Report this user for behavior that violates our Community Guidelines.

Details: